| 000 | 01125nab a2200229 i 4500 | ||
|---|---|---|---|
| 001 | 768714001 | ||
| 003 | CO-MdFUSB | ||
| 005 | 20240717162823.0 | ||
| 008 | 240717t1966 enk||||| |||| 00| 0 eng d | ||
| 040 |
_bspa _cCO-MdFUSB _dCO-MdFUSB |
||
| 041 | _aeng | ||
| 100 |
_aDavis, Charles, _eautor |
||
| 245 |
_aThe theology of the lay state _c/ Charles Davis |
||
| 520 | _aLa teología del Estado secular se limita a principios abstractos y universales. Es más que un análisis y ordenamiento de conceptos abstractos, sino una reflexión teológica sobre la estructura institucional concreta de la iglesia, estructura que, aunque mantiene siempre algunas de las mismas características, es históricamente contingente y variable. | ||
| 546 | _aTexto en inglés. | ||
| 650 | 7 |
_aIglesia _9655 |
|
| 650 | 7 |
_aSecularización (Teología) _96926 |
|
| 650 | 7 |
_aTeología dogmática _96937 |
|
| 773 | 0 |
_070507 _982827 _dLondres : Board, 1966. _oR2679 _tConcilium : _w(CO-MdFUSB)768714001 _x0010-5236 _gVolumen 3, (número 2, 1967), páginas: 75 - 76 _qpágina: 75 |
|
| 942 | _cANA | ||
| 945 | _aCatherine Arias Álvarez - Practicante SENA | ||
| 999 |
_c70509 _d70509 |
||